Outside Edge (Record no. 118952)
[ view plain ]
| 000 -LEADER | |
|---|---|
| fixed length control field | 00514cas a22001935a 4500 |
| 001 - CONTROL NUMBER | |
| control field | L138081 |
| 008 - FIXED-LENGTH DATA ELEMENTS--GENERAL INFORMATION | |
| fixed length control field | 070515c20012001xxkux p 0 a0eng u |
| 035 ## - SYSTEM CONTROL NUMBER | |
| System control number | (Sirsi) u138081 |
| 041 0# - LANGUAGE CODE | |
| Language code of text/sound track or separate title | eng |
| 110 2# - MAIN ENTRY--CORPORATE NAME | |
| Corporate name or jurisdiction name as entry element | Royal Institution of Chartered Surveyors |
| Subordinate unit | Middlesex and Urban Essex Branch |
| 9 (RLIN) | 5196 |
| 245 00 - TITLE STATEMENT | |
| Title | Outside Edge |
| 260 ## - PUBLICATION, DISTRIBUTION, ETC. | |
| Place of publication, distribution, etc. | London |
| Name of publisher, distributor, etc. | RICS $[ 199?]-2001 |
| 362 0# - DATES OF PUBLICATION AND/OR SEQUENTIAL DESIGNATION | |
| Dates of publication and/or sequential designation | (8) March 1998-(23) May 2001 |
| 554 ## - | |
| -- | Unknown |
| 651 #4 - SUBJECT ADDED ENTRY--GEOGRAPHIC NAME | |
| Geographic name | ESSEX |
| 651 #4 - SUBJECT ADDED ENTRY--GEOGRAPHIC NAME | |
| Geographic name | MIDDLESEX |
| 780 00 - PRECEDING ENTRY | |
| Title | Branch News |
| 942 ## - ADDED ENTRY ELEMENTS (KOHA) | |
| Suppress in OPAC | 0 |
| Withdrawn status | Lost status | Source of classification or shelving scheme | Damaged status | Not for loan | Home library | Current library | Shelving location | Date acquired | Total Checkouts | Full call number | Barcode | Date last seen | Price effective from | Koha item type |
|---|---|---|---|---|---|---|---|---|---|---|---|---|---|---|
| Dewey Decimal Classification | London | London | Basement | 15/05/2007 | OUTSIDE EDGE | 138081-1001 | 06/08/2019 | 06/08/2019 | Journal |